| 000 | 00777nam a2200229 a 4500 | ||
|---|---|---|---|
| 005 | 20210223130228.0 | ||
| 008 | 070820s2006 mx r 000 0 spa d | ||
| 020 | _a8449318416 | ||
| 035 | _aUPN01000151012 | ||
| 049 | _aCG | ||
| 050 | 4 |
_aDS779.26 _bD6.3 |
|
| 100 | 1 | _aDomenach, Jean-Luc | |
| 245 | 1 | 1 |
_a¿A dónde va China? / _cJean-Luc Domenach ; tr. José Miguel González Marcén. |
| 260 |
_aBarcelona, Esp. : _bPaidós, _cc2006. |
||
| 300 | _a327 p. | ||
| 440 | 0 |
_aPaidós historia contemporánea ; _v34 |
|
| 534 |
_pTítulo original: _tOú va la Chine? |
||
| 651 | 4 |
_aCHINA - _xPOLITICA Y GOBIERNO - _y1976-2000 _97800 |
|
| 651 | 4 |
_aCHINA - _xCONDICIONES SOCIALES - _y1976-2000 _97799 |
|
| 651 | 4 |
_aCHINA - _xCONDICIONES ECONOMICAS - _y1976-2000 _97797 |
|
| 905 | _aLibro | ||
| 999 |
_c123152 _d123152 |
||